Statistics for Super Smash Bros. Ultimate Special Moves

Click here to take the quiz!

General Stats

  • This quiz has been taken 110 times
    (72 since last reset)
  • The average score is 186 of 462

Answer Stats

FighterSpecialAnswer% Correct
Mr. Game & WatchUFire
100%
MarioSCape
96%
Mario / LuigiNFireball
96%
MarioDF.L.U.D.D.
86%
InklingUSuper Jump
84%
Donkey KongSHeadbutt
76%
Samus / Dark SamusDBomb
73%
Young Link / Toon LinkDBomb
73%
Link / Young Link / Toon LinkSBoomerang
73%
RobinNThunder
73%
Pikachu / PichuDThunder
73%
PikachuUQuick Attack
71%
Mario / Luigi / Dr. MarioUSuper Jump Punch
71%
Samus / Dark SamusNCharge Shot
69%
Fox / Falco / WolfDReflector
69%
LinkDRemote Bomb
69%
Captain FalconNFalcon Punch
67%
Ness / LucasSPK Fire
67%
Ness / LucasUPK Thunder
67%
GanondorfNWarlock Punch
67%
YoshiUEgg Throw
65%
Captain FalconDFalcon Kick
65%
FoxUFire Fox
65%
Donkey KongNGiant Punch
65%
LuigiSGreen Missile
65%
Kirby / King DededeNInhale
65%
MarioFSMario Finale
65%
NessNPK Flash
65%
LucasNPK Freeze
65%
Ness / LucasFSPK Starstorm
65%
JigglypuffNRollout
65%
Peach / DaisyNToad
65%
LinkNBow and Arrows
63%
Samus / Dark SamusSMissile
63%
JigglypuffDRest
63%
JigglypuffUSing
63%
Pikachu / PichuNThunder Jolt
63%
Peach / DaisyDVegetable
63%
Marth / Lucina / Roy / Chrom / IkeDCounter
61%
PalutenaDCounter
61%
YoshiSEgg Roll
61%
JokerNGun
61%
Mr. Game & WatchSJudge
61%
KirbyDStone
61%
IkeUAether
59%
WarioNChomp
59%
Marth / Lucina / RoyFSCritical Hit
59%
BowserNFire Breath
59%
SephirothNFlare
59%
JigglypuffSPound
59%
Samus / Dark SamusUScrew Attack
59%
MewtwoUTeleport
59%
Pikachu / PichuFSVolt Tackle
59%
Fox / Falco / WolfNBlaster
57%
SheikDBouncing Fish
57%
Simon / RichterSCross
57%
Ryu / KenNHadoken
57%
SteveNMine
57%
Ness / LucasDPSI Magnet
57%
WarioFSWario-Man
57%
ShulkSBack Slash
55%
MewtwoSConfusion
55%
Wii Fit TrainerDDeep Breathing
55%
YoshiNEgg Lay
55%
CharizardSFlare Blitz
55%
CharizardUFly
55%
ShulkNMonado Arts
55%
OlimarSPikmin Throw
55%
Villager / IsabelleNPocket
55%
Min MinN / SPunch
55%
IvysaurSRazor Leaf
55%
IncineroarDRevenge
55%
MewtwoNShadow Ball
55%
SonicSSpin Dash
55%
SquirtleNWater Gun
55%
Banjo & KazooieSWonderwing
55%
LucarioNAura Sphere
53%
Simon / RichterNAxe
53%
SnakeDC4
53%
King K. RoolSCrownerang
53%
Young LinkNFire Arrow
53%
CharizardNFlamethrower
53%
R.O.B.DGyro
53%
Donkey KongDHand Slap
53%
Simon / RichterDHoly Water
53%
SteveSMinecart
53%
OlimarNPikmin Pluck
53%
Pikachu / PichuSSkull Bash
53%
Donkey KongUSpinning Kong
53%
YoshiFSStampede!
53%
GreninjaDSubstitute
53%
Wii Fit TrainerNSun Salutation
53%
SteveDTNT
53%
Squirtle / Ivysaur / CharizardFSTriple Finish
53%
IvysaurUVine Whip
53%
BayonettaDWitch Time
53%
ShulkUAir Slash
51%
Diddy KongDBanana Peel
51%
IvysaurNBullet Seed
51%
Buster Wolf
51%
Marth / LucinaSDancing Blade
51%
IkeNEruption
51%
LucarioUExtreme Speed
51%
KirbyUFinal Cutter
51%
FalcoUFire Bird
51%
GanondorfSFlame Choke
51%
LucarioSForce Palm
51%
King DededeSGordo Throw
51%
GreninjaUHydro Pump
51%
King DededeDJet Hammer
51%
Mega ManDLeaf Shield
51%
Metal Slash
51%
Mr. Game & WatchFSOctopus
51%
TerryDPower Dunk
51%
Marth / LucinaNShield Breaker
51%
Ryu / KenUShoryuken
51%
InklingNSplattershot
51%
SonicFSSuper Sonic
51%
WarioDWario Waft
51%
SquirtleUWaterfall
51%
GreninjaNWater Shuriken
51%
RobinSArcfire
49%
Mr. Game & WatchNChef
49%
MewtwoDDisable
49%
Marth / LucinaUDolphin Slash
49%
Dr. MarioDDr. Tornado
49%
OlimarFSEnd of Day
49%
IkeFSGreat Aether
49%
KirbySHammer Flip
49%
SonicNHoming Attack
49%
Kaclang
49%
LuigiDLuigi Cyclone
49%
Bowser Jr.DMechakoopa
49%
Diddy KongSMonkey Flip
49%
PeachUPeach Parasol
49%
Captain FalconSRaptor Boost
49%
GreninjaSShadow Sneak
49%
RidleyDSkewer
49%
WarioSWario Bike
49%
BowserUWhirling Fortress
49%
PichuUAgility
47%
JokerFSAll-Out Attack
47%
IncineroarSAlolan Whip
47%
LinkFSAncient Bow and Arrow
47%
King K. RoolNBlunderbuss
47%
Craft
47%
IncineroarNDarkest Lariat
47%
RobinUElwind
47%
SteveUElytra
47%
IsabelleSFishing Rod
47%
SteveFSHouse of Boom
47%
CloudDLimit Charge
47%
Mr. Game & WatchDOil Panic
47%
Piranha PlantNPtooie
47%
Link / Young Link / Toon LinkUSpin Attack
47%
InklingDSplat Bomb
47%
Whack
47%
SquirtleSWithdraw
47%
GanondorfDWizard's Foot
47%
Ice ClimbersDBlizzard
45%
Captain FalconFSBlue Falcon
45%
BowserDBowser Bomb
45%
DaisyUDaisy Parasol
45%
ZeldaSDin's Fire
45%
WolfUFire Wolf
45%
Flame Slash
45%
Ryu / KenDFocus Attack
45%
FoxSFox Illusion
45%
BowserFSGiga Bowser Punch
45%
Gigaflare
45%
JokerUGrappling Hook
45%
Heal
45%
PitNPalutena Bow
45%
Diddy KongNPeanut Popgun
45%
Piranha PlantFSPetey Piranha
45%
OlimarDPikmin Order
45%
SnakeSRemote Missile
45%
Mii BrawlerNShot Put
45%
InklingSSplat Roller
45%
Fox / FalcoFSTeam Star Fox
45%
Thwack
45%
Young Link / Toon LinkFSTriforce Slash
45%
KirbyFSUltra Sword
45%
SheikUVanish
45%
RoyUBlazer
43%
WarioUCorkscrew
43%
Crack Shoot
43%
IncineroarUCross Chop
43%
SnakeUCypher
43%
Captain FalconUFalcon Dive
43%
Finishing Touch
43%
Pac-ManDFire Hydrant
43%
Ice ClimbersFSIceberg
43%
InklingFSKiller Wail
43%
Meta KnightNMach Tornado
43%
Megaflare
43%
Dr. MarioNMegavitamins
43%
ZeldaNNayru's Love
43%
Pit / Dark PitUPower of Flight
43%
TerryNPower Wave
43%
Simon / RichterUUppercut
43%
Dr. MarioFSDoctor Finale
41%
Dark PitSElectroshock Arm
41%
FalcoSFalco Phantasm
41%
PyraNFlame Nova
41%
Hocus Pocus
41%
Kaboom
41%
PitFSLightning Chariot
41%
VillagerSLloid Rocket
41%
SoraNMagic
41%
RobinDNosferatu
41%
Zero Suit SamusNParalyzer
41%
PeachSPeach Bomber
41%
Dark SamusFSPhazon Laser
41%
Piranha PlantSPoison Breath
41%
Squirtle / Ivysaur / CharizardDPokémon Change
41%
LuigiFSPoltergust G-00
41%
TerryCIPower Geyser
41%
MewtwoFSPsystrike
41%
SonicDSpin Charge
41%
SonicUSpring Jump
41%
Rosalina & LumaSStar Bits
41%
King DededeUSuper Dedede Jump
41%
WolfFSTeam Star Wolf
41%
ShulkDVision
41%
YoshiDYoshi Bomb
41%
PalutenaNAutoreticle
39%
Pac-ManNBonus Fruit
39%
TerrySBurning Knuckle
39%
CloudSCross Slash
39%
DaisySDaisy Bomber
39%
GanondorfUDark Dive
39%
Meta KnightDDimensional Cape
39%
LucarioDDouble Team
39%
Roy / ChromNFlare Blade
39%
Zero Suit SamusDFlip Jump
39%
Simon / RichterFSGrand Cross
39%
Rosalina & LumaFSGrand Star
39%
Pit / Dark PitDGuardian Orbitars
39%
King K. RoolDGut Check
39%
Mega ManNMetal Blade
39%
CloudFSOmnislash
39%
Zero Suit SamusSPlasma Whip
39%
JigglypuffFSPuff Up
39%
RidleySSpace Pirate Rush
39%
Swoosh
39%
ZeldaFSTriforce of Wisdom
39%
PalutenaUWarp
39%
OlimarUWinged Pikmin
39%
WolfSWolf Flash
39%
HeroUWoosh
39%
Zero Suit SamusFSZero Laser
39%
SamusFSZero Laser
39%
Bowser Jr.UAbandon Ship!
37%
Ice ClimbersUBelay
37%
CloudNBlade Beam
37%
Bounce
37%
ShulkFSChain Attack
37%
CloudUClimhazzard
37%
Meta KnightSDrill Rush
37%
PalutenaSExplosive Flame
37%
BowserSFlying Slam
37%
Wii Fit TrainerSHeader
37%
Mii BrawlerDHead-On Assault
37%
Hero's Spin
37%
Donkey KongFSJungle Rush
37%
Magic Burst
37%
Oomph
37%
MythraSPhoton Edge
37%
RidleyNPlasma Breath
37%
Pac-ManSPower Pellet
37%
PyraUProminence Revolt
37%
IkeSQuick Draw
37%
Little MacURising Uppercut
37%
Diddy KongURocketbarrel Boost
37%
RyuFSShin Shoryuken
37%
Meta KnightUShuttle Loop
37%
Little MacDSlip Counter
37%
Ice ClimbersSSquall Hammer
37%
Dr. MarioSSuper Sheet
37%
Zoom
37%
Min MinUARMS Jump
35%
Zero Suit SamusUBoost Kick
35%
Chakram
35%
VillagerFSDream Home
35%
JokerSEiha
35%
ZeldaUFarore's Wind
35%
Little MacFSGiga Mac Rush
35%
Little MacSJolt Haymaker
35%
Rosalina & LumaULaunch Star
35%
MythraNLightning Buster
35%
Rosalina & LumaNLuma Shot
35%
IncineroarFSMax Malicious Moonsault
35%
SheikNNeedle Storm
35%
ZeldaDPhantom Slash
35%
Dark PitNSilver Bow
35%
PyraDSwap to Mythra
35%
MythraDSwap to Pyra
35%
PitSUpperdash Arm
35%
HeroSZap
35%
After Burner Kick
33%
R.O.B.SArm Rotor
33%
BylethDAymr
33%
Chroma Dust
33%
Counter Throw
33%
Mega ManSCrash Bomber
33%
DaisyFSDaisy Blossom
33%
Dark PitFSDark Pit Staff
33%
HeroNFrizz
33%
GanondorfFSGanon, The Demon King
33%
Rosalina & LumaDGravitational Pull
33%
SnakeNHand Grenade
33%
Ice ClimbersNIce Shot
33%
Kafrizz
33%
Kamikazee
33%
Kaswoosh
33%
Kazap
33%
Octaslash
33%
PeachFSPeach Blossom
33%
MythraURay of Punishment
33%
R.O.B.NRobo Beam
33%
Pac-ManFSSuper Pac-Man
33%
Suplex
33%
Duck HuntDWild Gunman
33%
BayonettaUWitch Twist
33%
Acceleratle
31%
LucarioFSAura Storm
31%
Bang
31%
PyraFSBurning Sword
31%
HeroDCommand Selection
31%
KazuyaUDevil Wings
31%
IsabelleFSDream Town Hall
31%
BylethNFailnaught
31%
Frizzle
31%
Hatchet Man
31%
KazuyaDHeaven's Door
31%
Toon LinkNHero's Bow
31%
Kacrackle Slash
31%
Mega ManFSMega Legends
31%
Pac-ManUPac-Jump
31%
RobinFSPair Up
31%
Psyche Up
31%
JokerDRebel's Guard
31%
TerryURising Tackle
31%
Mega ManURush Coil
31%
GreninjaFSSecret Ninja Attack
31%
SheikFSSheikah Dance
31%
Sizz
31%
Sizzle
31%
VillagerDTimber
31%
Wings of Rebellion
31%
Zapple
31%
Min MinDARMS Change
29%
ChromFSAwakening Aether
29%
Villager / IsabelleUBalloon Trip
29%
SephirothUBlade Dash
29%
PyraSBlazing End
29%
SheikSBurst Grenade
29%
Roy / ChromSDouble-Edge Dance
29%
Duck HuntUDuck Jump
29%
Helicopter Kick
29%
Mii BrawlerSOnslaught
29%
Piranha PlantUPiranhacopter
29%
Banjo & KazooieDRear Egg
29%
MythraFSSacred Arrow
29%
SephirothDScintilla
29%
Bowser Jr.FSShadow Mario Paint
29%
Shinku Hadoken
29%
ChromUSoaring Slash
29%
Little MacNStraight Lunge
29%
SephirothFSSupernova
29%
BylethUSword of the Creator
29%
Tetrakarn
29%
Banjo & KazooieFSThe Mighty Jinjonator
29%
Wii Fit TrainerFSWii Fit
29%
ARM Hook
27%
King K. RoolFSBlast-o-Matic
27%
Breegull Blaster
27%
SoraDCounterattack
27%
Exploding Side Kick
27%
HeroFSGigaslash
27%
IsabelleDLloid Trap
27%
Makarakarn
27%
Omnislash Ver. 5
27%
SephirothSShadow Flare
27%
Banjo & KazooieUShock Spring Jump
27%
SoraSSonic Blade
27%
Wii Fit TrainerUSuper Hoop
27%
Ryu / KenSTatsumaki Senpukyaku
27%
Duck HuntNTrick Shot
27%
TerryFSTriple Wolf
27%
RidleyUWing Blitz
27%
PalutenaFSBlack Hole Laser
24%
Burning Dropkick
24%
Bowser Jr.NClown Cannon
24%
Bowser Jr.SClown Kart Dash
24%
KazuyaNDevil Blaster
24%
Flashing Mach Punch
24%
RidleyFSPlasma Scream
24%
King K. RoolUPropellerpack
24%
SoraFSSealing the Keyhole
24%
Shinryuken
24%
Min MinFSARMS Rush
22%
SnakeFSCovering Fire
22%
KazuyaSDevil Fist
22%
CorrinUDragon Ascent
22%
CorrinSDragon Lunge
22%
Eigaon
22%
R.O.B.FSGuided Robo Beam
22%
Gun Special
22%
BayonettaSHeel Slide
22%
Piranha PlantDLong-Stem Strike
22%
BylethFSProgenitor God Ruptured Heaven
22%
R.O.B.URobo Burner
22%
Shuriken of Light
22%
Mii BrawlerUSoaring Axe Kick
22%
Thrust Uppercut
22%
SoraUAerial Sweep
20%
BylethSAreadbhar
20%
Blurring Blade
20%
BayonettaNBullet Climax
20%
Meta KnightFSDarkness Illusion
20%
King DededeFSDede-Rush
20%
KazuyaFSFinal Blaster
20%
Mii SwordfighterNGale Strike
20%
Diddy KongFSHyper Rocketbarrel
20%
Duck HuntFSNES Zapper Posse
20%
Rage Drive
20%
CorrinFSTorrential Roar
20%
Duck HuntSClay Shooting
18%
CorrinDCounter Surge
18%
Create Block
18%
CorrinNDragon Fang Shot
18%
Feint Jump
18%
Snooze
18%
Mii SwordfighterDBlade Counter
16%
Banjo & KazooieNEgg Firing
16%
Mii SwordfighterFSFinal Edge
16%
Gale Stab
16%
Gunner Missile
16%
Mii GunnerULunar Launch
16%
Mii BrawlerFSOmega Blitz
16%
Skyward Slash Dash
16%
Absorbing Vortex
14%
Mii GunnerNCharge Blast
14%
KazuyaCISpinning Demon to Left Hook
14%
Mii GunnerSFlame Pillar
12%
Reflect Barrier
12%
Reversal Slash
12%
Mii SwordfighterUStone Scabbard
12%
BayonettaFSInfernal Climax
10%
KenFSShippu Jinraikyaku
10%
Mii SwordfighterSAirborne Assault
8%
Grenade Launch
8%
Stealth Burst
8%
Arm Rocket
6%
Bomb Drop
6%
Mii GunnerDEcho Reflector
6%
Laser Blaze
6%
Power Thrust
6%
Cannon Jump Kick
4%
Mii GunnerFSFull Blast
4%

Score Distribution

Percentile by Number Answered

Percent of People with Each Score

Your Score History

You have not taken this quiz since the last reset